| 000 | 01410nam0a2200289 4500 | ||
|---|---|---|---|
| 001 | RU\NLR\bibl\1479442 | ||
| 005 | 20250616004942.0 | ||
| 021 |
_aRU _b2009-108615 _96923 |
||
| 035 | _a(NLR Aleph) 001471100 | ||
| 090 |
_a1644138 _c1644138 |
||
| 100 | _a20100302d2007 |||y0rusy50 ca | ||
| 101 | 0 | _arus | |
| 102 | _aRU | ||
| 105 | _ay ||||||||| | ||
| 200 | 1 |
_aОсновные подходы к оценке инфестиционной привлекательности экономических систем _fА.Н. Лушба _gФедерал. агентство по техн. регулированию и метрологии, Федерал. гос. унитар. предприятие "Рос. науч.-техн. центр информации по стандартизации, метрологии и оценке соответствия" |
|
| 210 |
_aМосква _cМосковский печатник _d2007 |
||
| 215 |
_a15 с. _d21 |
||
| 320 | _aБиблиогр.: с. 14 (11 назв.) | ||
| 606 | 1 |
_aИнвестиции капитала _xОценка _yРоссийская Федерация _92376656 _3RU\NLR\auth\661418237 |
|
| 686 | _aУ9(2)-56-07(2Р) | ||
| 700 | 1 |
_aЛушба _bА. Н. _gАдгур Нурбеевич _4070 |
|
| 801 | 0 |
_aRU _bNLR _c20100302 _gRCR |
|
| 801 | 1 |
_aRU _bNLR _c20100302 |
|
| 830 | _aавт. по кн. | ||
| 942 | _cBOOK | ||
| 980 | _aNB | ||